Chiapas /

保存先:
書誌詳細
その他の著者: Espresate, Neus (edición) (edición), Ceceña, Ana Esther (dirección) (dirección)
フォーマット: 図書
言語:スペイン語
出版事項: México : UNAM, Instituto de Investigaciones Económicas : Era, 2004, c2004
主題:
タグ: タグ追加
タグなし, このレコードへの初めてのタグを付けませんか!

MARC

LEADER 00000nam^a2200000^a^4500
001 000168742
005 20250521000000.0
009 20260310101211.935
020 |a 968-411-623-3 
037 |a Acervo ITESO - Biblioteca 
041 |a ESP 
082 |a 320. 05  |b CHI V. 16 
245 1 0 |a Chiapas /  |c Ed. de N. Espresate ; dir. de A.E. Ceceña. 
264 4 |a México :  |b UNAM, Instituto de Investigaciones Económicas :  |b Era,  |c 2004, c2004 
300 |a 196 p. 
336 |a texto  |b txt  |2 rdacontenido 
337 |a sin mediación  |b n  |2 rdamedio 
338 |a volumen  |b nc  |2 rdasoporte 
649 |a XX 
650 |a Política -  |x Publicaciones Periódicas Mexicanas 
650 |a Política -  |x Publicaciones Periódicas 
650 |a Movimientos Indígenas -  |z Bolivia 
650 |a Movimientos Indígenas -  |z Chiapas 
650 |a Globalización 
650 |a Poder (Ciencias Sociales) 
650 |a Conflicto Social 
650 |a Neoliberalismo -  |x Historia y Crítica 
650 |a Política -  |z Chiapas -  |x Historia -  |y 2000-2006 
650 |a Política -  |z México -  |x Historia -  |y 2000-2006 
650 |a Política -  |z Latinoamérica 
650 |a Publicaciones Periódicas Mexicanas 
700 |a Espresate, Neus  |e (edición) 
700 |a Ceceña, Ana Esther  |e (dirección) 
910 |a Fondo General 
920 |a Impresos - Libros 
930 |a Colección General 
905 |a 101 
901 |a 0500104862  |b IT1  |c ACC  |u 20250521 
902 |a https://opac.biblio.iteso.mx/vufind/Record/000168742